1as. Jornadas argentinas de química fina, San Martín de los Andes, Neuquén, Argentina, 22 al 25 de marzo de 1992 : trabajos técnicos.
Guardado en:
| Autor Corporativo: | |
|---|---|
| Formato: | Libro |
| Idioma: | Spanish |
| Publicado: |
Neuquén, Argentina :
Consejo de Planificación de Acción para el Desarrollo (COPADE),
1992.
|
| Materias: | |
| Etiquetas: |
Agregar Etiqueta
Sin Etiquetas, Sea el primero en etiquetar este registro!
|
| LEADER | 00792nam a22001695a 4500 | ||
|---|---|---|---|
| 001 | EIQ.libpla002277 | ||
| 008 | 070518s1992####ag#a##########100#0#spa#d | ||
| 005 | 20130319161212.0 | ||
| 245 | 1 | 0 | |a 1as. Jornadas argentinas de química fina, San Martín de los Andes, Neuquén, Argentina, 22 al 25 de marzo de 1992 : |b trabajos técnicos. |
| 260 | |a Neuquén, Argentina : |b Consejo de Planificación de Acción para el Desarrollo (COPADE), |c 1992. | ||
| 300 | |a 2 v. : |b il. ; |c 28 cm. | ||
| 111 | 2 | |a Jornadas Argentinas de Química Fina |n (1º : |d 1992 : |c Neuquén) | |
| 650 | 4 | |a Quimica fina |x Jornadas | |
| 650 | 4 | |a Fine chemical |x Conferences | |
| 040 | |a AR-BbSID |b spa |c AR-BbSID | ||
| 859 | |a AR-BbSID |b BIB. PLAPIQUI |h 661 |i J 769 |p 4319 |v Vol. 1 |3 Vol. 1 | ||
| 859 | |a AR-BbSID |b BIB. PLAPIQUI |h 661 |i J 769 |p 4320 |v Vol. 2 |3 Vol. 2 | ||
